=LDR 00000nam 2200000 4500 =001 INLIS000000000015697 =005 20130612110955 =008 ***********************************Ind** =035 ##$$0010-061300000015697 =041 ##$$a Ind =082 ##$$a 598 =090 ##$$a 598, Gil B =100 ##$$a Gil, Peter =245 ##$$a Buku dengan gambar tempel. Burung Bagi Pengawas Alam, Peter Gil; Alih bahasa, Drs.Alex Sindoro =250 ##$$a Dari Kolam dan Arus Daerah Pohon dan Daun di Tepi Laut Burung =260 ##$$a 1996 $b Jakarta =300 ##$$a 22 hlm, ils, 21 cm =650 ##$$a Burung =700 ##$$a Drs.Alex Sindoro =850 ##$$a NBPNMAT